[Event "Stay Safe Play From Home 224"]
[Site "T#646781Emanuel Laske"]
[Date "2020.06.14"]
[Round "5"]
[White "EL sanbary"]
[Black "mehrdadahouran"]
[Result "1-0"]
[WhiteElo "1916"]
[BlackElo "1843"]
[Annotator "TA"]
[PlyCount "93"]
[EventDate "2020.06.14"]
[EventType "swiss (blitz)"]

{[%evp 14,93,22,0,0,0,12,0,20,17,31,35,41,0,0,-36,-5,8,414,418,616,343,389,309,247,121,248,229,229,218,371,407,284,121,101,47,93,78,133,152,297,297,295,293,297,297,294,255,291,291,291,291,287,228,225,223,214,211,222,199,226,112,94,40,34,25,30,8,14,8,39,0,0,2,23,0,84,0,30,30,30,-537]} 1. c4 Nf6 2. g3 c5 3. Bg2 Nc6 4. Nc3 g6 5. e4 d6 6. Nge2 Bg7 7. O-O {7.d3 gains popularity.} O-O 8. h3 Nd7 {A36: Symmetrical English vs ...g6: 4 Bg2 Bg7.} 9. d3 Nd4 10. f4 {[#]} (10. Bg5 {keeps more tension.} h6 11. Be3 Nb8 12. Nb5 e5 13. Nbc3) 10... Nxe2+ $146 {The position is equal.} ({Predecessor:} 10... e6 11. Be3 a6 12. Rb1 Rb8 13. Qd2 b5 14. b3 f5 15. Nd1 Nb6 16. Nf2 Kh8 {1-0 (45) Gomez,D (2059)-Perdomo,J (2002) Medellin 2014}) 11. Qxe2 Rb8 12. Be3 a6 13. f5 b5 14. g4 b4 15. Nd5 Bxb2 $2 {[%mdl 8192]} (15... e6 $11 16. Nf4 Re8) 16. Qxb2 $18 Ne5 (16... f6 $142 17. g5 Bb7) 17. Rf2 Nxd3 18. Qd2 Nxf2 19. Qxf2 ({Don't play} 19. Bxf2 $6 e6 $16) (19. Kxf2 $6 Bb7 $16) (19. f6 $18 Nxh3+ 20. Bxh3) 19... Bb7 (19... e6 $16 {was worth a try.}) 20. Rf1 Bxd5 21. exd5 ({Less strong is} 21. cxd5 f6 $14) 21... a5 $2 (21... f6 22. fxg6 hxg6) 22. Bh6 a4 23. Bxf8 ({Don't take} 23. fxg6 $6 fxg6 24. Bxf8 Qxf8 $18) (23. Be4 $18) 23... Qxf8 $16 24. f6 (24. g5 $16) 24... exf6 25. Qxf6 b3 (25... a3 $142) 26. axb3 axb3 {[#]} (26... Rxb3 $16 {might work better.} 27. Rf2 Rb4) 27. Rb1 $1 $18 Rb6 28. Qc3 Qb8 {Black hopes to continue with ...b2.} 29. Rb2 Rb4 30. Be4 Qb6 31. Bf3 h6 32. Bd1 Qa6 {[#] White must now prevent ...Qa1.} 33. Rxb3 Qxc4 34. Qxc4 Rxc4 {[%mdl 4096] Endgame KRB-KR} 35. Kf2 Rc1 36. Ke2 Rc4 37. Rb5 (37. Rb6 $18 {is more deadly.}) 37... Rd4 $16 38. Rb6 ({Better is} 38. Bb3 $16) 38... Rxd5 $14 39. Rb8+ Kg7 40. Rb7 Re5+ 41. Kf2 h5 42. Bf3 {aiming for gxh5.} hxg4 43. hxg4 c4 44. Kg3 d5 (44... Kf6 $11) 45. Rc7 (45. Kf4 $16 Re1 46. Bxd5 {[%mdl 64] Double Attack} Rf1+ 47. Bf3) 45... Re3 46. Kf4 Rd3 47. Be4 $2 {[%mdl 40960] What a bad dream for White. Accuracy: White = 49%, Black = 48%. . Loss on time!?} (47. g5 $11 {and White has nothing to worry.}) 1-0

[Event "Stay Safe Play From Home 224"]
[Site "T#646781Emanuel Laske"]
[Date "2020.06.14"]
[Round "5"]
[White "Trotsky"]
[Black "Sfantul321"]
[Result "0-1"]
[WhiteElo "1594"]
[BlackElo "1961"]
[Annotator "NA RC"]
[PlyCount "38"]
[EventDate "2020.06.14"]
[EventType "swiss (blitz)"]

1. d4 {[%emt 0:00:01]} g6 {[%emt 0:00:01]} 2. e3 {[%emt 0:00:00]} Bg7 {[%emt 0:00:01]} 3. c4 {[%emt 0:00:01]} d6 {[%emt 0:00:00]} 4. Nc3 {[%emt 0:00:01]} Nf6 {[%emt 0:00:00]} 5. Bd3 {[%emt 0:00:01]} O-O {[%emt 0:00:00]} 6. Qc2 {[%emt 0:00:01]} c5 {[%emt 0:00:00]} 7. d5 {[%emt 0:00:01]} e6 {[%emt 0:00:01]} 8. Bd2 {[%emt 0:00:00]} exd5 {[%emt 0:00:01]} 9. Nf3 {[%emt 0:00:01]} dxc4 {[%emt 0:00:01]} 10. Bxc4 {[%emt 0:00:01]} d5 {[%emt 0:00:01]} 11. Bd3 {[%emt 0:00:01]} a6 {[%emt 0:00:00]} 12. Ng5 {[%emt 0:00:02]} b5 {[%emt 0:00:02]} 13. h4 {[%emt 0:00:01]} b4 {[%emt 0:00:01]} 14. h5 {[%emt 0:00:02]} bxc3 {[%emt 0:00:01]} 15. bxc3 {[%emt 0:00:01]} c4 {[%emt 0:00:01]} 16. hxg6 {[%emt 0:00:01]} fxg6 {[%emt 0:00:01]} 17. Bxg6 {[%emt 0:00:01]} hxg6 {[%emt 0:00:02]} 18. Qxg6 {[%emt 0:00:01]} Qe8 {[%emt 0:00:02]} 19. Qh7+ {[%emt 0:00:01]} Nxh7 {[%emt 0:00:01] Trotsky Ñäàåòñÿ (Lag: Av=0.18s, max=0.3s)} 0-1

[Event "Stay Safe Play From Home 224"]
[Site "T#646781Emanuel Laske"]
[Date "2020.06.14"]
[Round "6"]
[White "Lazieri3"]
[Black "EL sanbary"]
[Result "1-0"]
[WhiteElo "2118"]
[BlackElo "1930"]
[Annotator "TA"]
[PlyCount "33"]
[EventDate "2020.06.14"]
[EventType "swiss (blitz)"]

{[%evp 9,32,-8,0,-17,-23,-37,-8,-16,-5,-6,2,-12,-1,-7,-14,-39,14,14,77,71,29995,29996,29998,29999,29999]} 1. e4 c5 2. Nc3 g6 3. d3 Bg7 4. Nf3 Nc6 5. Be3 d6 6. Qd2 {B30: Sicilian: 2...Nc6 3 Bb5, lines without ...g6.} e5 7. Be2 {[#]} Be6 $146 ({Predecessor:} 7... Nge7 8. Bh6 Bxh6 9. Qxh6 Nd4 10. Rc1 Qb6 11. Nd1 Be6 12. a3 f5 13. Nxd4 cxd4 {1-0 (34) Wasylkiewicz,A (1827)-Dadello,A (1843) Wroclaw 2013}) 8. Nd5 {The position is equal.} Qd7 9. c4 Nge7 10. Bh6 O-O $1 11. Bxg7 Kxg7 12. h4 h6 ({Better is} 12... h5 $15) 13. h5 $36 {[%mdl 2048] aiming for hxg6. Black is under pressure.} g5 (13... Rh8 $11 {remains equal.}) 14. Nxg5 $1 $16 hxg5 $2 {[%mdl 8192] [#]} (14... Nd4 $16) 15. Qxg5+ {White mates.} Kh8 16. Qh6+ Kg8 17. Nf6# {Accuracy: White = 87%, Black = 42%.} 1-0

[Event "Stay Safe Play From Home 224"]
[Site "T#646781Emanuel Laske"]
[Date "2020.06.14"]
[Round "6"]
[White "Sfantul321"]
[Black "Mepe_Nika"]
[Result "0-1"]
[WhiteElo "1965"]
[BlackElo "2357"]
[Annotator "NA RC"]
[PlyCount "100"]
[EventDate "2020.06.14"]
[EventType "swiss (blitz)"]

1. c4 {[%emt 0:00:01]} c6 {[%emt 0:00:01]} 2. Nc3 {[%emt 0:00:00]} d5 {[%emt 0:00:00]} 3. cxd5 {[%emt 0:00:00]} cxd5 {[%emt 0:00:01]} 4. d4 {[%emt 0:00:00]} Nf6 {[%emt 0:00:01]} 5. Nf3 {[%emt 0:00:00]} Nc6 {[%emt 0:00:01]} 6. Bf4 {[%emt 0:00:01]} a6 {[%emt 0:00:01]} 7. e3 {[%emt 0:00:00]} Bg4 {[%emt 0:00:01]} 8. Be2 {[%emt 0:00:01]} e6 {[%emt 0:00:01]} 9. h3 {[%emt 0:00:01]} Bxf3 {[%emt 0:00:02]} 10. Bxf3 {[%emt 0:00:01]} Bd6 {[%emt 0:00:01]} 11. Bg5 {[%emt 0:00:00]} h6 {[%emt 0:00:01]} 12. Bxf6 {[%emt 0:00:02]} Qxf6 {[%emt 0:00:01]} 13. O-O {[%emt 0:00:00]} O-O {[%emt 0:00:01]} 14. Rc1 {[%emt 0:00:02]} Rac8 {[%emt 0:00:01]} 15. a3 {[%emt 0:00:01]} Bb8 {[%emt 0:00:01]} 16. b4 {[%emt 0:00:01]} Qd8 {[%emt 0:00:01]} 17. g3 {[%emt 0:00:01]} Qf6 {[%emt 0:00:02]} 18. Bg2 {[%emt 0:00:01]} Ne7 {[%emt 0:00:03]} 19. f4 {[%emt 0:00:01]} Nf5 {[%emt 0:00:01]} 20. Re1 {[%emt 0:00:01]} Nxg3 {[%emt 0:00:01]} 21. Qg4 {[%emt 0:00:01]} Nf5 {[%emt 0:00:01]} 22. Na4 {[%emt 0:00:03]} Ba7 {[%emt 0:00:04]} 23. Nc5 {[%emt 0:00:02]} Bxc5 {[%emt 0:00:02]} 24. bxc5 {[%emt 0:00:01]} Rc6 {[%emt 0:00:06]} 25. Rb1 {[%emt 0:00:01]} Rc7 {[%emt 0:00:01]} 26. Kf2 {[%emt 0:00:02]} Qg6 {[%emt 0:00:01]} 27. Qxg6 {[%emt 0:00:01]} fxg6 {[%emt 0:00:00]} 28. Red1 {[%emt 0:00:02]} g5 {[%emt 0:00:01]} 29. Ke2 {[%emt 0:00:04]} gxf4 {[%emt 0:00:01]} 30. exf4 {[%emt 0:00:01]} Ne7 {[%emt 0:00:01]} 31. Ke3 {[%emt 0:00:01]} Nc6 {[%emt 0:00:01]} 32. Bf3 {[%emt 0:00:02]} Rf6 {[%emt 0:00:01]} 33. Bg4 {[%emt 0:00:01]} Rcf7 {[%emt 0:00:01]} 34. Rf1 {[%emt 0:00:01]} Nd8 {[%emt 0:00:01]} 35. Rb6 {[%emt 0:00:02]} g5 {[%emt 0:00:01]} 36. f5 {[%emt 0:00:02]} exf5 {[%emt 0:00:01]} 37. Bh5 {[%emt 0:00:00]} Rxb6 {[%emt 0:00:01]} 38. Bxf7+ {[%emt 0:00:01]} Nxf7 {[%emt 0:00:00]} 39. cxb6 {[%emt 0:00:01]} f4+ {[%emt 0:00:01]} 40. Kd3 {[%emt 0:00:01]} Nd6 {[%emt 0:00:00]} 41. Rc1 {[%emt 0:00:02]} Nc4 {[%emt 0:00:00]} 42. a4 {[%emt 0:00:01]} Kf7 {[%emt 0:00:01]} 43. Re1 {[%emt 0:00:03]} h5 {[%emt 0:00:01]} 44. Rg1 {[%emt 0:00:04]} Kf6 {[%emt 0:00:01]} 45. Ke2 {[%emt 0:00:01]} Kf5 {[%emt 0:00:01]} 46. Kf3 {[%emt 0:00:00]} Ne3 {[%emt 0:00:01]} 47. Ke2 {[%emt 0:00:01]} g4 {[%emt 0:00:00]} 48. hxg4+ {[%emt 0:00:01]} hxg4 {[%emt 0:00:00]} 49. Rh1 {[%emt 0:00:01]} Ke4 {[%emt 0:00:01]} 50. Rh7 {[%emt 0:00:01]} f3+ {[%emt 0:00:00] Time (Lag: Av=0.24s, max=0.5s) .} 0-1

[Event "Stay Safe Play From Home 224"]
[Site "T#646781Emanuel Laske"]
[Date "2020.06.14"]
[Round "6"]
[White "mehrdadahouran"]
[Black "Haxhi Baha"]
[Result "0-1"]
[WhiteElo "1830"]
[BlackElo "1967"]
[Annotator "TA"]
[PlyCount "78"]
[EventDate "2020.06.14"]
[EventType "swiss (blitz)"]

{[%evp 9,77,-10,26,-1,27,0,2,-58,3,0,3,0,50,33,37,37,53,25,22,24,62,0,0,-145,-152,-317,-301,-256,-189,-182,-141,-276,-275,-488,-483,-899,-877,-1189,-1157,-1449,-335,-368,-382,-352,-283,-1249,-842,-1702,-1722,-1713,-1687,-1381,-1334,-972,-855,-29985,-830,-29984,-29985,-1904,0,-29995,-29996,-29997,-5297,-1429,-825,-1352,-820,-29999]} 1. d4 d5 2. Bf4 e6 3. c3 Bd6 4. Bxd6 Qxd6 5. e3 c5 6. Nd2 {D00: 1 d4 d5: Unusual lines.} (6. Qg4 $5 {[%cal Rg4g7]} g6 7. Nd2 $11) 6... Nc6 7. f4 Nf6 8. Ngf3 ({White should try} 8. Bd3 $11) 8... cxd4 ({Better is} 8... Ng4 $15 9. Ke2 cxd4 10. cxd4 b6) 9. cxd4 $11 {[#]} b6 $146 ({Predecessor:} 9... Bd7 10. Ne5 Rc8 11. Rc1 O-O 12. Nxc6 Bxc6 13. Bd3 Qb4 14. Qb3 Qe7 15. O-O Rc7 {0-1 (47) Aslan,D (1360)-Eroz,E (1618) Konya 2019}) 10. a3 Nd7 11. Bd3 Bb7 12. O-O f6 13. g4 O-O 14. g5 e5 {And now ...e4 would win.} 15. gxf6 (15. Nh4 $1 $14 e4 16. Bb5) 15... e4 $36 {[%mdl 2048] Black is more active.} 16. fxg7 {Black keeps a firm grip on the game.} (16. Bxe4 $1 $11 dxe4 17. Qb3+ Kh8 18. Nxe4 Nxd4 19. Nxd6 Nxb3 20. Nxb7 Nxa1 21. fxg7+ Kxg7 22. Rxa1) 16... Rf7 17. Bxe4 $2 (17. Bc2 $17 exf3 18. Kh1) 17... dxe4 $19 18. Nxe4 Qg6+ ({Don't do} 18... Rxg7+ 19. Kf2 $19) 19. Ng3 Rxg7 20. Kf2 (20. Qb1 $17 {is a better defense.}) 20... Nf6 21. Qb3+ $2 (21. Ke1 {was called for.}) 21... Kh8 22. Rg1 (22. Ke1 $142 Ba6 23. Rc1 Bxf1 24. Rxc6) 22... Ng4+ 23. Ke2 Na5 24. Qd3 Qe8 $2 (24... Bxf3+ 25. Kd2 Qh6) 25. Ne5 Nxe5 26. fxe5 Qa4 {Strongly threatening ...Nb3.} 27. b4 $2 (27. Rac1 Qd7 28. Ke1) 27... Nb3 {...Ba6 is the strong threat.} 28. Rab1 Ba6 29. Rxb3 Bxd3+ 30. Rxd3 Qc2+ 31. Rd2 Qc4+ 32. Ke1 Rc8 (32... Qc1+ $142 33. Ke2 Qxg1 34. a4 Qxh2+ 35. Kd3 Qxg3 36. Rc2 {[#]} Qf3 $1 {[%mdl 512]} 37. Rc3 Qd1+ 38. Ke4 Rd8 39. b5 Rg4+ 40. Kf5 Qf3+ 41. Ke6 Rg6+ 42. Ke7 Qf8#) 33. Rgg2 Qc1+ 34. Ke2 Qc4+ $2 (34... Rf7 $19 35. h4 Qxa3) 35. Kf2 $2 {[%mdl 8192] [#]} (35. Ke1 $11 Qc1+ 36. Ke2) 35... Rf8+ 36. Kg1 Rxg3 (36... Qc1+ $142 37. Rd1 Qxd1+ 38. Nf1 Rxf1#) 37. hxg3 Rf1+ 38. Kh2 Qe6 {[%cal Re6h6]} 39. d5 Qh6# {Accuracy: White = 32%, Black = 52%.} 0-1

[Event "Stay Safe Play From Home 224"]
[Site "T#646781Emanuel Laske"]
[Date "2020.06.14"]
[Round "6"]
[White "Tunca"]
[Black "Klasman"]
[Result "1-0"]
[WhiteElo "1819"]
[BlackElo "1248"]
[Annotator "NA RC"]
[PlyCount "59"]
[EventDate "2020.06.14"]
[EventType "swiss (blitz)"]

1. e4 {[%emt 0:00:01]} f5 {[%emt 0:00:01]} 2. exf5 {[%emt 0:00:01]} Nf6 {[%emt 0:00:01]} 3. b3 {[%emt 0:00:00]} d5 {[%emt 0:00:02]} 4. Bb2 {[%emt 0:00:00]} d4 {[%emt 0:00:01]} 5. Nf3 {[%emt 0:00:01]} c5 {[%emt 0:00:01]} 6. Bc4 {[%emt 0:00:02]} Bxf5 {[%emt 0:00:02]} 7. O-O {[%emt 0:00:01]} Nc6 {[%emt 0:00:01]} 8. Re1 {[%emt 0:00:01]} Qd7 {[%emt 0:00:03]} 9. Ng5 {[%emt 0:00:02]} O-O-O {[%emt 0:00:03]} 10. Nf7 {[%emt 0:00:01]} g6 {[%emt 0:00:06]} 11. Nxh8 {[%emt 0:00:01]} Bg7 {[%emt 0:00:02]} 12. Nf7 {[%emt 0:00:01]} Rf8 {[%emt 0:00:01]} 13. Ne5 {[%emt 0:00:02]} Nxe5 {[%emt 0:00:01]} 14. Rxe5 {[%emt 0:00:00]} Ne4 {[%emt 0:00:02]} 15. Rd5 {[%emt 0:00:03]} Qc6 {[%emt 0:00:03]} 16. d3 {[%emt 0:00:01]} b5 {[%emt 0:00:01]} 17. dxe4 {[%emt 0:00:04]} bxc4 {[%emt 0:00:03]} 18. Ba3 {[%emt 0:00:00]} Bxe4 {[%emt 0:00:02]} 19. Rxc5 {[%emt 0:00:01]} Qxc5 {[%emt 0:00:01]} 20. Bxc5 {[%emt 0:00:01]} d3 {[%emt 0:00:02]} 21. c3 {[%emt 0:00:05]} Bh6 {[%emt 0:00:04]} 22. Nd2 {[%emt 0:00:02]} Bd5 {[%emt 0:00:02]} 23. bxc4 {[%emt 0:00:01]} Bc6 {[%emt 0:00:02]} 24. Rb1 {[%emt 0:00:01]} Rf7 {[%emt 0:00:02]} 25. Bxa7 {[%emt 0:00:03]} Bg7 {[%emt 0:00:03]} 26. Rb8+ {[%emt 0:00:01]} Kc7 {[%emt 0:00:01]} 27. Qb1 {[%emt 0:00:05]} Bxc3 {[%emt 0:00:02]} 28. Qb6+ {[%emt 0:00:01]} Kd6 {[%emt 0:00:02]} 29. Rd8+ {[%emt 0:00:00]} Ke6 {[%emt 0:00:03]} 30. Qxc6+ {[%emt 0:00:01] Time (Lag: Av=0.49s, max=0.8s)} 1-0

[Event "Stay Safe Play From Home 224"]
[Site "T#646781Emanuel Laske"]
[Date "2020.06.14"]
[Round "6"]
[White "Edmatuag"]
[Black "SoulofWolf"]
[Result "0-1"]
[WhiteElo "1742"]
[BlackElo "2140"]
[Annotator "TA"]
[PlyCount "62"]
[EventDate "2020.06.14"]
[EventType "swiss (blitz)"]

{[%evp 9,62,17,20,15,18,19,14,-20,0,-67,-71,-64,-49,-62,-61,-67,-26,-87,-72,-78,-89,-193,-48,-51,-52,-235,-97,-81,-81,-87,-99,-104,-75,-112,-115,-118,-67,-107,-102,-100,-82,-85,-77,-93,-99,-104,-98,-95,-100,-225,-219,-311,-303,-745,-731]} 1. d3 c6 2. e4 d5 3. g3 {[#]} Nd7 $146 ({Predecessor:} 3... dxe4 4. dxe4 Qxd1+ 5. Kxd1 e5 6. Nd2 Bc5 7. f3 Be6 8. Bh3 Bxh3 9. Nxh3 Nd7 10. Ke2 Ne7 {½-½ (67) Fernandez,D (2451)-Gong,D (2276) Auckland 2020}) 4. exd5 cxd5 5. Bg2 Ngf6 6. Ne2 {B10: Caro-Kann: 2 d3 and 2 c4.} g6 7. Bg5 Bg7 8. Qd2 {The position is equal.} h6 9. Bxf6 (9. Be3 $11) 9... Nxf6 $15 10. Nbc3 O-O 11. Nf4 {[%cal Rf4d5]} d4 $36 {[%mdl 2048] Black is more active.} 12. Ne4 e5 13. Ne2 (13. Nxf6+ $11 {remains equal.} Qxf6 14. Nd5) 13... Nd5 $17 14. O-O Rb8 15. f4 (15. Qd1 $17 {is a better defense.}) 15... b6 (15... exf4 $19 16. Nxf4 Ne3) 16. fxe5 $15 Bxe5 {White must now prevent ...Ne3.} 17. Nf4 $2 (17. Qxh6 $15 Bg7 18. Qg5) 17... Nxf4 (17... Ne3 $19 {has better winning chances. And now ...g5 would win.} 18. Qe2 Bb7) 18. gxf4 $17 Bg7 19. Ng3 {[#]} f5 $1 20. Rfe1 Bb7 21. Re2 Bxg2 22. Rxg2 Rb7 (22... Qd6 $17 23. Re1 Rbe8) 23. Re2 Re7 24. Rae1 Rfe8 25. Rxe7 Rxe7 26. Rxe7 Qxe7 27. Qf2 Qb4 28. b3 Qa3 29. Qf3 (29. Qe1 $17) 29... Qxa2 $19 30. Qd5+ (30. Qc6 {might work better.} Kh7 31. Kf2) 30... Kh7 31. Nh5 $2 {[#]} (31. Qg2) 31... Qb1+ {Accuracy: White = 42%, Black = 70%.} ({Inferior is} 31... gxh5 32. Qxf5+ Kh8 33. Qc8+ Kh7 34. Qf5+ Kg8 35. Qe6+ Kf8 36. Qc8+ Kf7 37. Qd7+ Kg8 38. Qe6+ Kf8 39. Qd6+ Kg8 40. Qe6+ $11) 0-1

[Event "Stay Safe Play From Home 224"]
[Site "T#646781Emanuel Laske"]
[Date "2020.06.14"]
[Round "6"]
[White "Shyamph1980"]
[Black "Trotsky"]
[Result "1-0"]
[WhiteElo "1511"]
[BlackElo "1590"]
[Annotator "NA RC"]
[PlyCount "49"]
[EventDate "2020.06.14"]
[EventType "swiss (blitz)"]

1. d4 {[%emt 0:00:01]} d5 {[%emt 0:00:01]} 2. c4 {[%emt 0:00:01]} e6 {[%emt 0:00:00]} 3. e3 {[%emt 0:00:01]} c5 {[%emt 0:00:01]} 4. Nf3 {[%emt 0:00:01]} Nc6 {[%emt 0:00:01]} 5. dxc5 {[%emt 0:00:01]} Bxc5 {[%emt 0:00:01]} 6. cxd5 {[%emt 0:00:03]} exd5 {[%emt 0:00:01]} 7. Nc3 {[%emt 0:00:01]} Be6 {[%emt 0:00:01]} 8. Be2 {[%emt 0:00:01]} a6 {[%emt 0:00:01]} 9. O-O {[%emt 0:00:01]} Nf6 {[%emt 0:00:01]} 10. a3 {[%emt 0:00:01]} Qc7 {[%emt 0:00:01]} 11. b4 {[%emt 0:00:01]} Bd6 {[%emt 0:00:01]} 12. Bb2 {[%emt 0:00:01]} Ng4 {[%emt 0:00:01]} 13. Rc1 {[%emt 0:00:01]} O-O-O {[%emt 0:00:02]} 14. Nb5 {[%emt 0:00:01]} Bxh2+ {[%emt 0:00:03]} 15. Kh1 {[%emt 0:00:02]} axb5 {[%emt 0:00:01]} 16. Bxb5 {[%emt 0:00:03]} h5 {[%emt 0:00:03]} 17. Bxc6 {[%emt 0:00:03]} bxc6 {[%emt 0:00:01]} 18. b5 {[%emt 0:00:00]} Bd7 {[%emt 0:00:11]} 19. Qa4 {[%emt 0:00:03]} d4 {[%emt 0:00:04]} 20. Qa6+ {[%emt 0:00:01]} Kb8 {[%emt 0:00:02]} 21. Nxd4 {[%emt 0:00:01]} Bg1 {[%emt 0:00:02]} 22. g3 {[%emt 0:00:03]} Bxf2 {[%emt 0:00:02]} 23. bxc6 {[%emt 0:00:03]} Qxg3 {[%emt 0:00:05]} 24. Qb6+ {[%emt 0:00:02]} Kc8 {[%emt 0:00:04]} 25. Qb7# {[%emt 0:00:01] (Lag: Av=0.64s, max=2.0s)} 1-0

[Event "Stay Safe Play From Home 224"]
[Site "T#646781Emanuel Laske"]
[Date "2020.06.14"]
[Round "7"]
[White "Lazieri3"]
[Black "Edmatuag"]
[Result "1-0"]
[WhiteElo "2127"]
[BlackElo "1739"]
[Annotator "TA"]
[PlyCount "73"]
[EventDate "2020.06.14"]
[EventType "swiss (blitz)"]

{[%evp 9,73,30,37,-42,73,43,39,27,58,53,52,58,61,64,112,70,110,56,154,139,147,0,0,-39,240,137,150,81,439,436,440,424,1507,1645,1651,1454,1339,362,369,356,347,57,102,0,331,236,785,783,647,133,140,0,391,-452,-427,-917,-906,-851,-842,-720,1168,-5897,-5900,-5616,-4694,-1277]} 1. e4 d5 2. Nc3 dxe4 3. Nxe4 Nc6 4. Nf3 Bf5 5. Ng3 Bg6 6. d4 {A00: Irregular Openings.} (6. Bb5 $14) 6... Nf6 (6... Nb4 $1 $15 {keeps the upper hand.} 7. Bd3 Nxd3+ 8. cxd3 Nf6) 7. c3 e6 {[#]} 8. Bd3 $146 {White is slightly better.} ({Predecessor:} 8. Bb5 Bd6 9. Qa4 Qd7 10. O-O O-O 11. Ne5 Bxe5 12. dxe5 Nd5 13. Rd1 Rfc8 14. c4 a6 15. Bxc6 Qxc6 16. Qxc6 bxc6 17. cxd5 {1-0 (17) Castillo,R (1986)-Londono,D (1507) Palmira 2019}) 8... Bd6 9. Bxg6 hxg6 10. Qe2 Bxg3 11. fxg3 Ne7 12. Bg5 Nf5 {aiming for ...Nxg3!} 13. O-O-O ({White should play} 13. Qb5+ $16 Kf8 14. Qe5 (14. Qxb7 Nxg3 15. Rg1 Rb8 $11)) 13... Qd7 (13... Qd5 $14) 14. Ne5 $36 {[%mdl 2048] White is really pushing.} Qa4 15. Rhe1 (15. Kb1 $16) 15... Qxa2 $11 16. Kc2 (16. d5 $5 O-O 17. dxe6 Qxe6 18. Nd7 Qxe2 19. Rxe2 Nxd7 20. Rxd7 $11) 16... Ke7 $2 {[%mdl 8192] [#]} (16... Nd6 $15 {stays ahead.}) 17. c4 ({Less strong is} 17. Qb5 Nd6 $16) ({Better is} 17. d5 $1 $18 {[%mdl 512]}) 17... Rad8 $16 {[#]} 18. Nxg6+ (18. Nxf7 $142 $1 {[%mdl 512]} Qa4+ (18... Kxf7 19. Qxe6+) 19. Kb1 (19. b3 $2 Qa2+ 20. Kc3 Qxe2 $19) 19... Kxf7 20. Qxe6+ Kf8 21. Bxf6) 18... fxg6 $2 {[%mdl 8192]} (18... Ke8 $16 {is tougher.}) 19. Qxe6+ $18 Kf8 20. Bxf6 {White threatens Be7+ and mate.} gxf6 (20... Qa4+ $142 21. b3 Re8 22. bxa4 Rxe6) 21. Qxf6+ {[%mdl 64] Double Attack} Kg8 22. Qxd8+ {[%mdl 64] Double Attack} Kh7 23. Re7+ $2 (23. Qxc7+ Kh6 24. g4) 23... Nxe7 24. Qxe7+ {[%mdl 4096] Endgame KQR-KQR} Kh6 25. Qh4+ $2 (25. Qf7 $18) 25... Kg7 $16 26. Qe7+ $2 (26. Qe4 $16 Qxc4+ 27. Kb1) 26... Kh6 $18 27. Qe3+ Kg7 $2 (27... Kh7 28. Qe7+ Kh6) 28. Qe5+ Kh7 29. Qd5 $2 (29. Kc3 $18 {Rf1 would kill now.} b5 30. Qxb5) 29... Qa4+ $16 30. Kc1 (30. b3 $16 Qa2+ 31. Kc3) 30... Qe8 $2 {[%mdl 8192]} (30... Qa1+ $1 $11 31. Kc2 Qa4+ 32. b3 Qa2+ 33. Kc3 Rf8) 31. Rf1 $4 {[%mdl 8192]} (31. Qxb7 $18 Qf7 32. d5) 31... Qe3+ $19 32. Kd1 (32. Kc2 $142 Qe2+ {[%mdl 64] Double Attack} 33. Kc3 Qxf1 34. Qd7+ Kh6 35. Qe7) 32... Qd3+ {[%mdl 64] Double Attack} 33. Kc1 Qxf1+ 34. Kc2 Qxg2+ $4 {[%mdl 8192]} (34... Rf8 $19 35. Kc3 Rf2 36. Qd7+ Kh6 37. Qh3+ Kg7 38. Qd7+ Rf7) 35. Kb3 $4 {[%mdl 8192]} (35. Qxg2 $18 b5 36. Qb7) 35... Qxd5 36. cxd5 Rd8 37. d6 {[%mdl 32768] Accuracy: White = 25%, Black = 39%. . Loss on time!?} 1-0

[Event "Stay Safe Play From Home 224"]
[Site "T#646781Emanuel Laske"]
[Date "2020.06.14"]
[Round "7"]
[White "Haxhi Baha"]
[Black "Mepe_Nika"]
[Result "0-1"]
[WhiteElo "1978"]
[BlackElo "2361"]
[Annotator "TA"]
[PlyCount "62"]
[EventDate "2020.06.14"]
[EventType "swiss (blitz)"]

{[%evp 9,62,2,20,18,16,35,20,34,49,37,75,47,81,0,81,-400,104,-111,-9,-25,-39,-256,-7,1,-17,-407,-371,-480,-453,-931,-904,-900,-909,-924,-913,-917,-890,-1355,-1179,-2057,-1556,-1704,-1601,-1656,-1613,-1562,-1626,-29984,-29985,-29990,-29987,-29991,-29991,-29993,-29994]} 1. e4 g6 2. d4 Bg7 3. Nc3 d6 4. Be2 Nf6 5. g4 O-O 6. g5 {B07: Pirc Defence: Miscellaneous Systems.} Nfd7 7. h4 c5 8. d5 {The position is equal.} e6 {[#]} 9. dxe6 $146 ({Predecessor:} 9. h5 e5 10. Nh3 Na6 11. f4 exf4 12. Nxf4 Ne5 13. Ng2 Nc7 14. Bf4 a6 15. a4 {½-½ (25) Seebauer,A-Guertler,F Germany 2001}) 9... fxe6 10. Qxd6 Nc6 $1 {[%cal Rc6d4] Strongly threatening ...Nd4.} 11. Qxe6+ (11. Qh2 $16) 11... Kh8 (11... Rf7 $1 $11 {keeps the balance.} 12. Qd6 Qa5) 12. h5 $2 {[%mdl 8192]} (12. Qd6 $1 $16 {keeps the pressure on.}) 12... Nde5 $2 (12... Nd4 13. Qd6 $14) (12... Nb6 $1 $19 13. Qb3 Nd4 14. hxg6 Nxb3 15. Rxh7+ Kg8 16. axb3 Qd6) 13. Qb3 $2 {[#]} (13. Qd5 $16 {is necessary to keep the advantage. aiming for h6.} Nb4 14. Qb3 gxh5 15. Rxh5) 13... Nd4 ({Avoid the trap} 13... Qd4 $2 14. Be3 $18) (13... gxh5 $1 $17 {And now ...Nd4 would win.} 14. Qd5 (14. Bxh5 $2 Nd4 $19) 14... Qa5) 14. Qd5 $1 $11 Nxc2+ (14... Be6 {feels hotter.} 15. Qxd8 Raxd8 16. Bd1 gxh5 17. Nd5 Bxd5 18. exd5 Ng4) 15. Kd1 $2 (15. Kf1 $15) 15... Qxd5+ $2 ({Black should try} 15... Nxa1 $19 16. h6 Be6 17. hxg7+ Kxg7 18. Qxd8 Raxd8+ 19. Ke1 Nc2+ 20. Kf1 {[#]} Nd3 $1 {[%mdl 512]} 21. Bxd3 Rxd3) 16. Nxd5 Nxa1 17. hxg6 $2 {[%mdl 8192] White is on the road to losing.} (17. h6 $11 Bxh6 18. gxh6) 17... Nxg6 $19 18. f4 Be6 19. Ne3 (19. Bh5 $142 Kg8 20. Nf6+ Bxf6 21. gxf6) 19... Rad8+ 20. Ke1 Nxf4 {( -> ...Ng2+!)} 21. Nf3 Bd4 22. Nxd4 cxd4 23. Nc4 d3 24. Bxf4 Rxf4 25. Bh5 Bxc4 26. Kd2 Rf2+ 27. Ke3 {[#]} Re2+ $1 {[%mdl 64] Promotion} 28. Bxe2 dxe2 {Black mates.} 29. g6 h5 {[%mdl 64] Promotion} 30. Rxh5+ Kg8 31. Rh7 e1=Q+ {Accuracy: White = 31%, Black = 36%.} 0-1